Hodnocení soustavy důchodového zabezpečení upravené platnýmui právními předpisy

Salvato in:
Dettagli Bibliografici
Autore principale: Biskup, Jiří
Natura: Libro
Lingua:ceco
Pubblicazione: Praha Výzkumný ústav soc. rozv. a práce 1989
Edizione:1. vyd.
Serie:Výzkumná práce Č.112
Tags: Aggiungi Tag
Nessun Tag, puoi essere il primo ad aggiungerne!!

MARC

LEADER 00000nam a2200000 4500
001 c038827
005 20221215120013.8
041 0 |a cze 
044 |a CZ 
245 1 0 |a Hodnocení soustavy důchodového zabezpečení upravené platnýmui právními předpisy  |c Jiří Biskup 
250 |a 1. vyd. 
264 1 |a Praha  |b Výzkumný ústav soc. rozv. a práce  |c 1989 
300 |a 91 s. 
490 1 |a Výzkumná práce  |v Č.112 
830 0 |a Výzkumná práce  |v Č.112 
100 1 |a Biskup, Jiří